<?xml version="1.0" encoding="UTF-8"?><?xml-stylesheet type="text/xsl" href="static/style.xsl"?><OAI-PMH xmlns="http://www.openarchives.org/OAI/2.0/" xmlns:xsi="http://www.w3.org/2001/XMLSchema-instance" xsi:schemaLocation="http://www.openarchives.org/OAI/2.0/ http://www.openarchives.org/OAI/2.0/OAI-PMH.xsd"><responseDate>2026-04-18T18:21:35Z</responseDate><request verb="GetRecord" identifier="oai:riubu.ubu.es:10259/7107" metadataPrefix="marc">https://riubu.ubu.es/oai/request</request><GetRecord><record><header><identifier>oai:riubu.ubu.es:10259/7107</identifier><datestamp>2023-01-25T12:07:29Z</datestamp><setSpec>com_10259_6193</setSpec><setSpec>com_10259_4147</setSpec><setSpec>com_10259.4_106</setSpec><setSpec>com_10259_2604</setSpec><setSpec>com_10259_3847</setSpec><setSpec>com_10259_5086</setSpec><setSpec>col_10259_6194</setSpec><setSpec>col_10259_3848</setSpec></header><metadata><record xmlns="http://www.loc.gov/MARC21/slim" xmlns:doc="http://www.lyncode.com/xoai" xmlns:xsi="http://www.w3.org/2001/XMLSchema-instance" xmlns:dcterms="http://purl.org/dc/terms/" xsi:schemaLocation="http://www.loc.gov/MARC21/slim http://www.loc.gov/standards/marcxml/schema/MARC21slim.xsd">
<leader>00925njm 22002777a 4500</leader>
<datafield tag="042" ind1=" " ind2=" ">
<subfield code="a">dc</subfield>
</datafield>
<datafield tag="720" ind1=" " ind2=" ">
<subfield code="a">Baruque Zanón, Bruno</subfield>
<subfield code="e">author</subfield>
</datafield>
<datafield tag="720" ind1=" " ind2=" ">
<subfield code="a">Calvo-Rolle, José Luis</subfield>
<subfield code="e">author</subfield>
</datafield>
<datafield tag="720" ind1=" " ind2=" ">
<subfield code="a">Porras Alfonso, Santiago</subfield>
<subfield code="e">author</subfield>
</datafield>
<datafield tag="720" ind1=" " ind2=" ">
<subfield code="a">Dolezel, Petr</subfield>
<subfield code="e">author</subfield>
</datafield>
<datafield tag="260" ind1=" " ind2=" ">
<subfield code="c">2022-04</subfield>
</datafield>
<datafield tag="024" ind2=" " ind1="8">
<subfield code="a">2076-3417</subfield>
</datafield>
<datafield tag="024" ind2=" " ind1="8">
<subfield code="a">http://hdl.handle.net/10259/7107</subfield>
</datafield>
<datafield tag="024" ind2=" " ind1="8">
<subfield code="a">10.3390/app12083886</subfield>
</datafield>
<datafield tag="024" ind2=" " ind1="8">
<subfield code="a">2076-3417</subfield>
</datafield>
<datafield tag="245" ind1="0" ind2="0">
<subfield code="a">Special Issue “Applications of Artificial Intelligence Systems”</subfield>
</datafield>
</record></metadata></record></GetRecord></OAI-PMH>